000 00471nam a2200181Ia 4500
008 230917s9999||||xx |||||||||||||| ||und||
020 _cRS1750
040 _e257559
_aMAIN
041 _aEnglish
082 _a342 J199P(7)
100 _aJain, M P
245 0 _aPrinciples of administrative law
250 _a7th ed.
260 _aGurgaon
_bLexisNexis
_c2017
300 _acxlvi, 1042 p.
500 _a3585 19/08/2019 RBP19/76691 06/09/2019 Main Budget
942 _cBK
999 _c32581
_d32581